00622nam a2200157 a 4500008004100000050002300041110001500064245006100079260003900140300000900179350000900188650002100197995010000218999001700318952012900335120416s2003 ||||||||||||||||| || u aIBRD(06)PRT/2003/1 aWorld Bank10aPort reform toolkit: Framework for port reform: Module 1 aWashington, D.C.bWorld Bankc2003 a26p. a0.00 aHARBORS--REFORMS D0.00FCBU-MAIN LIBRARY (Kitwe)H1I0.00M1UAVAILABLEWNov 27, 2007ZInternational Publications c54040d54040 00102lcc4070a001b001cInternational Publicationsd2022-11-30l0oIBRD(06)PRT/2003/1p52122r2022-11-30w2022-11-30y002